India,Bihar & Other Poems/ (Record no. 190573)

MARC details
000 -LEADER
fixed length control field 00519nam a22001817a 4500
005 - DATE AND TIME OF LATEST TRANSACTION
control field 20220727170700.0
010 ## - LCCN (DPL NO)
LC control number ENG-134056
020 ## - INTERNATIONAL STANDARD BOOK NUMBER
Terms of availability 500.00
International Standard Book Number 9788190852661
035 ## - SYSTEM CONTROL NUMBER
System control number EN-117588
037 ## - SOURCE OF ACQUISITION
Source of stock number/acquisition DBAB/PUB
082 ## - DEWEY DECIMAL CLASSIFICATION NUMBER
Classification number 880.0
100 ## - MAIN ENTRY--PERSONAL NAME
Personal name Lall,Babu Avadh Behari
245 ## - TITLE STATEMENT
Title India,Bihar & Other Poems/
Statement of responsibility, etc by Babu Avadh Behari Lall
260 ## - PUBLICATION, DISTRIBUTION, ETC. (IMPRINT)
Place of publication, distribution, etc Patna
Name of publisher, distributor, etc AMS Publication
Date of publication, distribution, etc 2010
270 ## - ADDRESS
Address Kankarbagh,
City Patna(Bihar)
Postal code 800020
300 ## - PHYSICAL DESCRIPTION
Extent v;326p.
Dimensions 22cm(Hb)
942 ## - ADDED ENTRY ELEMENTS (KOHA)
Source of classification or shelving scheme Dewey Decimal Classification
Item type English Books
Call number suffix LAL
Classification part 880.8
Holdings
Withdrawn status Lost status Not for loan Collection code Home library Current library Date acquired Source of acquisition Cost, normal purchase price Full call number Barcode Copy number Cost, replacement price Koha item type
      Non-fiction Bawana Braille-Library 27/07/2022 DBAD/PUB 500.00 880.8 LAL EN-117588 1 500.00 English Books

© Delhi Public Library
Hit Counter
free hit counter